00582cam a22002171 4500001001300000003000400013005001700017008004100034010001700075035002000092040003600112042001200148050002400160100003600184245002900220250001500249260004100264300001800305440002600323999001500349af 48005084 DLC20260227110912.0890525s1943 gw 000 0 ger c aaf 48005084  a(OCoLC)19764818 aYale Univ. LibrarycCUdCUdDLC apremarc00aPT2638.A42bR4 19431 aSchäfer, Wilhelm,d1868-1952.14aDer Rebell von Freiburg. a[5. Aufl.] aGütersloh,bC. Bertelsmannc[1943] a59 p.c18 cm. 0aKleine Feldpost-Reihe c6343d6343